006700000a220009700045001000031000002450110000313000038001415200319001796500017004987730057005151 aOlaya Parra, Olga Lucía.10aLa educación artística. Un campo de construcción social de sentidos y experiencias transformadoras. ano.49 (mar.-abr., 2011), p. 32-43 aEl artículo busca desarrollar una rápida reseña sobre los diferentes contextos en los cuales los maestros del arte en el ámbito escolar, han explorado modos de innovación, investigación y creación con estudiantes en ciclos iniciales de formación o en educación media vocacional o media técnica.14aINNOVACIÓN0 tRevista internacional magisterio : educación y ped